[Event "Boeing Experts"]
[Site "?"]
[Date "1969.12.09"]
[Round "5"]
[White "Pitt, A."]
[Black "Bailey, B."]
[Result "1-0"]
[WhiteElo "2078"]
[BlackElo "100"]
[Annotator "Stockfish 14 (15s)"]
[PlyCount "111"]
[EventDate "1969.??.??"]

{B02: Alekhine's Defence: Chase Variation and lines with early Nc3} 1. e4 e5 2.
d3 Nf6 3. f4 Nc6 4. Nf3 d6 5. c3 (5. Be2 Be7 6. O-O O-O 7. Nc3 exf4 8. Bxf4 d5
9. e5 Nh5 10. Be3 g6 11. d4 f5 12. Nd2 Ng7 13. Nxd5 Bg5 14. Bxg5 Qxg5 15. Nf3
Qd8 16. Nf6+ Rxf6 17. exf6 Qxf6 18. Bc4+ Kh8 19. Qd2 f4 {
Pyhala,A (2385)-Ristoja,T (2275) Helsinki 1989 1-0}) 5... Be7 6. f5 $4 $146 (6.
Be2 O-O (6... b6 7. O-O Bb7 8. Nh4 Qd7 9. Be3 O-O-O 10. fxe5 Nxe5 11. Bd4 Kb8
12. b4 Nc6 13. a4 Nxd4 14. cxd4 c5 15. d5 Nxd5 16. exd5 Bxh4 17. Bf3 Bf6 18.
Ra2 Bd4+ 19. Kh1 f5 20. Nd2 g5 21. Nb3 {
Zelmer,R-Walther,M Kaufbeuren 1998 0-1 (39)}) 7. O-O Re8 8. Nbd2 exf4 9. Nb3
Bf8 10. Bxf4 Ne5 11. Qc2 Ng6 12. Bd2 Bg4 13. Rae1 c6 14. Kh1 Qc7 15. h3 Bd7 16.
Nh2 d5 17. e5 Rxe5 18. Nf3 Ree8 19. Bg5 Nh5 20. Bh4 Nxh4 {
Ferreyra,M-Alvarez,R (2131) Escobar 2004 0-1}) (6. fxe5 Nxe5 7. Nxe5 dxe5 8.
Be2 O-O 9. O-O Be6 10. Be3 Qd7 11. Qd2 Bg4 12. h3 Bxe2 13. Qxe2 Rad8 14. Rd1
Nxe4 15. Bxa7 Qa4 16. Kh2 Qxa7 17. Qxe4 Qb6 18. Rd2 g6 19. Rc2 Qa6 20. c4 Qb6 {
Tierraseca Montero,P-Gonzalez Cano,J Oropesa del Mar 1999 1/2-1/2 (32)}) (6.
Be2 $142 $14) 6... d5 (6... g6 7. Be2 gxf5 8. exf5 $19) 7. Qc2 $2 (7. Nbd2 $142
$5 a5 8. Be2 $17) 7... g6 $19 8. fxg6 hxg6 9. Bg5 (9. g3 Ng4 10. h3 Bc5 $19)
9... a6 (9... Be6 $5 10. Be3 d4 11. Bg1 $19) 10. Nbd2 dxe4 11. dxe4 $2 (11.
Nxe4 $142 Ng4 12. Bd2 $17) 11... Nh5 $4 (11... Ng4 $142 12. Bxe7 Qxe7 $19 (
12... Nxe7 $6 13. Nc4 Nc6 14. h3 $11)) 12. Bxe7 $17 Qxe7 13. O-O-O Bd7 14. Nc4
O-O-O 15. Ne3 Qc5 16. Nd5 Be6 (16... Ng3 $1 17. Rg1 Nxe4 18. Qxe4 Be6 $17) 17.
b4 $15 Qf8 18. Bc4 f6 (18... Kb8 $5 $15) 19. Nb6+ $11 cxb6 20. Bxe6+ Kb8 21. g3
(21. Rxd8+ $142 $5 Qxd8 22. Rd1 $11) 21... Qe7 $15 22. Qb3 (22. Bg4 f5 23. Bxh5
Rxh5 $11) 22... Rxd1+ (22... f5 $142 $5 23. Bd5 Rd6 $17) 23. Rxd1 $11 Ng7 (
23... f5 24. exf5 gxf5 25. Rd7 $11) 24. Bd5 (24. Bd7 Nd4 25. cxd4 Qxd7 26. dxe5
Qe7 $11) 24... b5 (24... Qc7 25. Kb2 $11) 25. a4 (25. Bxc6 $5 bxc6 26. Nh4 $14)
25... bxa4 $11 26. Qxa4 Rc8 27. Kb2 Qc7 (27... Na7 28. Nd2 Nb5 29. c4 $11) 28.
Bxc6 $14 Qxc6 29. Qxc6 Rxc6 (29... bxc6 $2 30. Rd7 Ne8 31. Nh4 $18) 30. Rd7 (
30. Nh4 Rc4 $14) 30... Rc7 31. Rd6 Rc6 32. Rxc6 bxc6 33. Nh4 (33. h4 $5 g5 34.
Kb3 $14 (34. hxg5 $6 fxg5 35. Nxg5 Nh5 $11)) 33... g5 $14 34. Ng2 (34. Nf3 $5
$14) 34... f5 $11 35. exf5 Nxf5 36. g4 Nh6 37. h3 Kc7 38. Ne3 Kd6 39. Kc2 e4
40. Nc4+ Kd5 41. Na5 Nf7 42. Kd2 Nd6 43. Ke3 Nc4+ $4 (43... c5 $142 44. Nb3
cxb4 45. cxb4 Nc4+ 46. Ke2 Ne5 $11) 44. Nxc4 $18 Kxc4 45. Kxe4 Kxc3 46. h4 $1
gxh4 47. g5 h3 48. Kf3 h2 49. Kg2 Kxb4 50. g6 c5 51. g7 c4 52. g8=Q c3 53. Qh7
a5 54. Kxh2 a4 55. Kg3 c2 56. Qxc2 1-0

[Event "Boeing Experts"]
[Site "?"]
[Date "1970.01.18"]
[Round "6"]
[White "Bailey, B."]
[Black "Pullen, K."]
[Result "0-1"]
[WhiteElo "100"]
[BlackElo "2233"]
[Annotator "Stockfish 14 (15s)"]
[PlyCount "106"]
[EventDate "1970.??.??"]

{B34: Sicilian: Accelerated Dragon with 5 Nc3: sidelines} 1. e4 c5 2. Nf3 Nc6
3. d4 cxd4 4. Nxd4 g6 5. Be3 Bg7 6. c3 Nf6 7. Nd2 O-O 8. Bb5 $146 (8. Bc4 d5 9.
exd5 Nxd5 10. Bxd5 Qxd5 11. Qf3 Qxf3 12. N2xf3 Nxd4 13. Bxd4 e5 14. Bc5 Rd8 15.
h3 b6 16. Be3 Ba6 17. Nd2 f5 18. Bg5 Rd7 19. O-O-O h6 20. Bh4 g5 21. Bg3 Rad8
22. Rhe1 e4 {Pattaggia,P-Rodriguez Cordoba,J Krakow 1964 0-1 (38)}) (8. Nxc6
bxc6 9. Bd3 d5 10. O-O (10. exd5 cxd5 11. Bd4 e5 12. Bc5 Re8 13. O-O Qc7 14.
Ba3 Bb7 15. Be2 Rad8 16. Nb3 Ne4 17. Bf3 Nd6 18. Bxd6 Qxd6 19. Re1 Qb6 20. Qd2
Re6 21. Rad1 Red6 22. Be2 Bf6 23. Qd3 a6 24. Bf1 Qc7 {
Bitsch,K-Wolf,W (2255) Eppingen 1988 1/2-1/2 (33)}) 10... e5 11. Qa4 d4 12.
cxd4 Ng4 13. Qxc6 Rb8 14. d5 Nxe3 15. fxe3 Rxb2 16. Nc4 Rb7 17. Rab1 Rc7 18.
Qd6 Rd7 19. Qc5 Ba6 20. Qa3 Bxc4 21. Bxc4 Qh4 22. Qd3 Bf6 {
Ruiz Diez,J (2215)-Sanchez Guirado,F (2365) Oropesa del Mar 1996 1/2-1/2 (55)})
(8. Bd3 Ne5 (8... d5 9. Qc2 dxe4 10. Nxe4 Ng4 11. Bg5 Nxd4 12. cxd4 Bxd4 13. h3
Ne5 14. Be2 Bf5 15. Bh6 Re8 16. Bb5 Qa5+ 17. Qd2 Qxb5 18. Qxd4 Red8 19. a4 Rxd4
{0-1 (19) Prevost,J-Brodie,H Montreal 1981}) 9. Bc2 b6 10. h3 Bb7 11. f4 Nc6
12. Qe2 Nh5 13. Qf2 Rc8 14. Bd1 Nxd4 15. Bxd4 Bxd4 16. cxd4 Nf6 17. e5 {
1/2-1/2 (17) Juergens,K-Dalhoff,G Germany 1996}) (8. Be2 e5 9. Nxc6 bxc6 $11 (
9... dxc6 $143 10. h3 $14)) 8... Ne5 (8... Qc7 9. Qa4 $17) 9. f3 (9. h3 $142 $5
$11) 9... d5 $17 10. exd5 $2 (10. Qc2 $142 $5 $17) 10... Nxd5 11. Bf2 a6 12.
Be2 Nf4 13. O-O Ned3 14. Bxd3 Nxd3 15. Nc4 (15. Be3 e5 (15... Nxb2 $6 16. Qc2
Nd3 17. Qxd3 $11) 16. N4b3 Nxb2 $19) 15... Nxf2 16. Rxf2 b5 17. Ne3 Bb7 (17...
Qb6 18. Nd5 Qb7 19. Nc2 $19) 18. Ndc2 Qb6 19. a3 Rfd8 20. Rd2 Bh6 21. Rxd8+
Rxd8 (21... Qxd8 $6 22. Qxd8+ Rxd8 23. a4 $15) 22. Qe2 Rd6 23. Re1 Bd5 (23...
Bg5 $142 $19) 24. Rd1 $4 (24. Qf2 $142 Ba2 25. Re2 $17) 24... Re6 $19 25. Rxd5
(25. Rd4 Bb3 26. Qf2 Bxc2 27. Nxc2 Bc1 $19) 25... Bxe3+ 26. Nxe3 (26. Kf1 Bc1
27. Qf2 Qxf2+ 28. Kxf2 Bxb2 $19) 26... Rxe3 (26... Qxe3+ $6 27. Qxe3 Rxe3 28.
Kf2 $11) 27. Rd8+ Kg7 28. Rb8 Qa7 (28... Qe6 $142 29. Qd2 Re2 30. Qd4+ f6 $19)
29. Ra8 Qb6 $4 (29... Qc5 30. Rc8 Qe5 $19 (30... Rxe2+ $6 31. Rxc5 Rxb2 32. Rc6
$17) (30... Qxc8 $6 31. Qxe3 Qc7 32. g4 $11)) 30. Rb8 $4 (30. Rxa6 $142 $1 Qc5
31. Rc6 $11) 30... Qa7 (30... Qe6 $142 31. Qd2 Re2 32. Qd4+ f6 $19) 31. Ra8 Qc5
(31... Rxe2+ $6 32. Rxa7 Rxb2 33. Rxa6 $11) 32. Rc8 Rxe2+ $4 (32... Qe5 $142
33. Qd2 Re1+ 34. Kf2 Rb1 $19) 33. Rxc5 $17 Rxb2 34. c4 $4 (34. Rc6 $142 a5 35.
c4 $17) 34... Rc2 $19 35. Rc6 Rxc4 (35... bxc4 $142 36. Rxa6 e6 $19) 36. Rxa6
$15 Ra4 37. Rb6 Ra5 38. Kf2 e6 39. Rb7 (39. h4 h5 $15) 39... Kf6 (39... g5 $142
40. Rc7 Rxa3 $17) 40. Ke2 $4 (40. h4 h5 $15) 40... h5 (40... g5 41. Kf2 h5 42.
g3 $19) 41. Kf2 $4 (41. h4 $142 $15) 41... h4 $19 42. g3 hxg3+ $4 (42... g5
$142 $19) 43. hxg3 $15 e5 44. g4 Kg5 45. Kg3 $4 (45. Rxf7 Rxa3 46. Rb7 Kf4 47.
Rf7+ Kg5 $11) 45... f6 (45... f5 $142 46. Re7 f4+ 47. Kh3 Kf6 $19) 46. Rb8 Kh6
47. Rb7 $4 (47. Kg2 Kg5 48. Kg3 f5 $11) 47... Rxa3 (47... e4 $142 48. fxe4 Kg5
$19) 48. Rxb5 $11 e4 49. Kf2 $4 (49. Kf4 $142 $11) 49... Rxf3+ $19 50. Kg2 f5
51. gxf5 gxf5 52. Rb8 Kg5 53. Rb7 Ra3 0-1

[Event "Boeing Experts"]
[Site "?"]
[Date "1970.01.16"]
[Round "7"]
[White "Clark, A."]
[Black "Bailey, B."]
[Result "1/2-1/2"]
[WhiteElo "2054"]
[BlackElo "100"]
[Annotator "Stockfish 14 (15s)"]
[PlyCount "129"]
[EventDate "1970.??.??"]

{A17: English Opening: 1...Nf6 with ...Bb4} 1. c4 e6 2. Nc3 Nf6 3. g3 c6 4. Bg2
d5 5. b3 g6 (5... Qa5 6. e3 b5 7. Nge2 Ba6 8. cxd5 cxd5 9. O-O b4 10. Na4 Nbd7
11. d4 Bd6 12. Re1 O-O 13. Nf4 Rac8 14. Bd2 Ne4 15. f3 Nc3 16. Bxc3 bxc3 17.
Bf1 c2 18. Qc1 Bb4 19. Bxa6 Bxe1 20. Bxc8 {
Tuominen,M (2165)-Hentunen,A (2305) Finland 1997 0-1}) (5... Be7 6. e3 O-O 7.
Nge2 b6 8. O-O Bb7 9. Bb2 Nbd7 10. d4 Rc8 11. Nf4 Ba6 12. Re1 dxc4 13. Bf1 b5
14. bxc4 bxc4 15. Qa4 Bb5 16. Qc2 a5 17. Na4 c5 18. Rab1 Ba6 19. Red1 cxd4 20.
Bxd4 {Sykora,P (2105)-Pesout,J (2255) Czechia 1997 0-1 (31)}) 6. Bb2 Bg7 7. d4
$146 (7. Qc2 O-O 8. e3 Nbd7 9. Nge2 Re8 10. O-O dxc4 11. bxc4 Ne5 12. Ne4 Nxe4
13. Bxe4 Nd7 14. Bxg7 Kxg7 15. Qc3+ Kg8 16. d4 e5 17. Rad1 exd4 18. Rxd4 c5 19.
Rxd7 Qxd7 20. Bd5 Qc7 21. Nf4 Be6 {
Oweger,E-Mittelstaedt,M Ansbach 1985 0-1 (65)}) 7... O-O 8. e3 (8. Nf3 b6 $14)
8... b6 (8... Nbd7 9. Nge2 $11) 9. Nge2 (9. Nf3 Ba6 $11) 9... Bb7 (9... a5 10.
Nb1 $11) 10. O-O $14 Nbd7 11. Rc1 Rc8 12. Nf4 (12. Re1 Ba6 13. Nb1 Re8 $11)
12... Ba8 (12... Ba6 13. Nd3 $11) 13. Nd3 (13. Qe2 Re8 $14) 13... dxc4 $14 14.
bxc4 c5 15. Ba3 (15. Bxa8 Rxa8 16. Qf3 Qe7 $14) 15... Bxg2 $11 16. Kxg2 Re8 17.
Nb5 Nf8 $4 (17... Ne4 $142 18. dxc5 bxc5 19. Nxa7 Ra8 $11) 18. dxc5 $18 bxc5
19. Bxc5 Ne4 20. Bxa7 Ra8 $2 (20... Qa5 $142 21. a4 Nd7 $16) 21. a4 Re7 (21...
Nc3 22. Nxc3 (22. Rxc3 $6 Bxc3 23. Bd4 Bxd4 24. exd4 Nd7 $18) 22... Rxa7 23.
Qe2 $18) 22. f3 (22. Nc5 $142 Nd2 23. Rc2 Nxf1 24. Qxd8 Nxe3+ (24... Rxd8 $4
25. Kxf1 Rd1+ 26. Ke2 $18) 25. fxe3 Rxd8 $18) 22... Rd7 $4 (22... Rexa7 23.
Nxa7 Rxa7 24. fxe4 Rd7 $16) 23. Bd4 (23. fxe4 $6 Rxd3 24. Qf3 Rd2+ 25. Kg1 Rd7
$18) 23... Nd6 24. Nc5 (24. Nxd6 $142 Rxd6 25. c5 Rda6 26. Bxg7 Kxg7 $18) 24...
Nxb5 (24... Nf5 25. Qe1 Bxd4 26. exd4 Re7 $18) 25. axb5 Rxd4 (25... Bxd4 26.
Nxd7 (26. exd4 $143 Ra2+ 27. Rf2 Rxf2+ 28. Kxf2 Rxd4 $17) 26... Bxe3 27. Nxf8
Ra2+ 28. Kh1 Qxf8 29. Ra1 $18) 26. exd4 Bxd4 27. Na6 (27. Nb3 e5 28. c5 Ne6 29.
Nxd4 exd4 $18) 27... Qb6 (27... e5 28. c5 $18) 28. Rc2 e5 (28... Rc8 29. Qe2
Nd7 30. Rd1 $18) 29. f4 (29. c5 $5 Qxb5 30. Nc7 Qa5 31. Nxa8 Qxa8 $18) 29...
Qb7+ 30. Kh3 (30. Qf3 $142 e4 31. Qd1 Rd8 $18) 30... h5 (30... Ne6 31. Qf3 e4
$18) 31. fxe5 (31. Qf3 $142 e4 32. Qe2 $18) 31... Ne6 $11 32. Rf3 g5 33. g4 $4
(33. Rf6 $142 g4+ 34. Kh4 $11) 33... hxg4+ (33... Qe4 34. Rf5 Kg7 35. Kg3 Bxe5+
36. Kf2 Bd4+ 37. Kg3 hxg4 38. Qxg4 Qxc2 39. Qf3 $19) 34. Kxg4 Qe4+ 35. Kg3
Bxe5+ 36. Kf2 Rd8 37. Qe2 Qh4+ 38. Kf1 Nd4 39. Qxe5 (39. Qf2 Nxf3 40. Qxh4 gxh4
$19 (40... Nxh4 $143 41. Re2 Rd1+ 42. Re1 Rxe1+ 43. Kxe1 $19)) 39... Nxc2 (
39... Nxf3 40. Qc3 Qh3+ 41. Kf2 g4 $19) 40. Qe2 Nd4 41. Qe7 Nxf3 42. Qxd8+ Kg7
43. Qc7 $4 (43. Ke2 Qe4+ 44. Kd1 $19) 43... Nd2+ (43... Qe1+ 44. Kg2 g4 45.
Qe5+ Qxe5 46. h3 Qh2+ 47. Kf1 g3 48. h4 Qf2#) 44. Ke2 $11 Nxc4 45. Kd3 Nb2+ 46.
Kc2 $4 (46. Kc3 $142 Na4+ 47. Kb3 $11) 46... Qa4+ $19 47. Kxb2 $4 (47. Kc3 Qxb5
48. Qd6 $19) 47... Qxb5+ 48. Kc2 Qxa6 49. Kd2 Qe6 50. Kd1 Kg6 51. Qb8 f5 52.
Qb1 g4 53. Qb8 Qd5+ (53... Kg5 $142 $19) 54. Ke1 $11 Kg5 55. Qc7 $4 (55. Kf2
Qf3+ 56. Kg1 Qe3+ 57. Kg2 Qe4+ 58. Kg1 Qe2 $11) 55... Qe6+ (55... Qe4+ 56. Kd1
Qe3 $19) 56. Kf2 $11 f4 57. Qd8+ Kf5 58. Qf8+ Qf6 59. Qc8+ Qe6 60. Qf8+ Ke5 61.
Qb8+ Qd6 62. Qe8+ Kd4 63. Qa4+ Kc5 64. Qc2+ Kb5 65. Qe2+ 1/2-1/2

[Event "Inland Empire Open"]
[Site "?"]
[Date "1970.04.11"]
[Round "1"]
[White "Pupols, V."]
[Black "Bailey, B."]
[Result "1-0"]
[WhiteElo "2252"]
[BlackElo "1755"]
[Annotator "Stockfish 14 (15s)"]
[PlyCount "117"]
[EventDate "1970.??.??"]

{D25: Queen's Gambit Accepted: 4 e3: sidelines and 4...Bg4} 1. d4 d5 2. c4 dxc4
3. Nf3 Nf6 4. e3 g6 5. Bxc4 Bg7 6. O-O O-O 7. Nc3 Nfd7 8. h3 Nb6 9. Bb3 Nc6 10.
Na4 $146 (10. a3 e6 (10... e5 11. d5 Na5 12. Ba2 c6 (12... h6 13. Qe2 c5 14. e4
c4 15. Be3 Bd7 16. Nd2 Rc8 17. Rfe1 f5 18. exf5 gxf5 19. f4 e4 20. Qf2 Na4 21.
Bxa7 Nxc3 22. bxc3 Ba4 23. Bb6 Qxd5 24. Bxa5 Qxa5 25. Nxc4 Rxc4 26. Bxc4+ Kh7
27. Rab1 {Beni,A-Raizman,M Amsterdam 1954 1/2-1/2 (42)}) 13. e4 cxd5 14. Nxd5
Nxd5 15. Bxd5 Bd7 16. Bg5 Bf6 17. Bxb7 Nxb7 18. Bxf6 Qxf6 19. Qxd7 Nd6 20. Rac1
Nxe4 21. Qd5 Ng5 22. Nxe5 Rfd8 23. Ng4 Qf4 24. Qe5 Ne6 25. Rfd1 {
Tal,M (2620)-Georgiev,K (2430) Lvov 1984 1/2-1/2 (66)}) 11. Qe2 Qe7 12. Ne4 Nd5
13. Bd2 Rd8 14. Rac1 e5 15. Bxd5 Rxd5 16. Nc3 Rd8 17. d5 e4 18. dxc6 exf3 19.
Qxf3 Rxd2 20. cxb7 Bxb7 21. Qxb7 Rad8 22. Ne4 Rxb2 23. Qxc7 Rb7 24. Qxe7 Rxe7 {
Konings,F (2200)-Roessler,U (2176) Vlissingen 2004 1-0 (45)}) (10. Qe2 a5 11.
Rd1 a4 12. Bc2 Bd7 13. e4 e5 14. Bg5 Bf6 15. Bxf6 Qxf6 16. dxe5 Nxe5 17. Nxe5
Qxe5 18. Qe3 Rfd8 19. f4 Qe7 20. Bd3 a3 21. b3 Bc6 22. Re1 Qb4 23. Rac1 Re8 24.
e5 Rad8 {Plaskett,J (2483)-Hummel,D (2266) playchess.com INT 2003 1/2-1/2 (39)}
) (10. a4 $5 Na5 11. e4 Nxb3 12. Qxb3 $16) 10... Nxa4 (10... e5 $5 11. Nxb6
axb6 $11) 11. Bxa4 $16 a6 12. Bxc6 (12. Bd2 $5 Bd7 13. Qc2 $16) 12... bxc6 13.
Qc2 Bb7 (13... c5 14. dxc5 Qd5 15. e4 $14) 14. Bd2 (14. e4 $142 $5 Bxd4 15.
Nxd4 Qxd4 16. Be3 $16) 14... c5 $11 15. Qxc5 Bxf3 16. gxf3 Qd7 $2 (16... e5 17.
d5 e4 18. f4 $11) 17. Kh2 (17. Kg2 Rfb8 18. Rfc1 Rxb2 19. Be1 $14) 17... Rab8
$11 18. Qc2 (18. a4 Rxb2 19. Bc1 Rb6 $11) 18... Rb5 19. Rg1 Rh5 20. Rg3 e5 (
20... Rb8 21. b4 e5 22. e4 exd4 23. f4 $11) 21. dxe5 (21. d5 $5 Bf6 22. Kg2
Qxd5 23. e4 $16) 21... Bxe5 $11 22. f4 Bf6 23. Bc3 Bh4 $2 (23... Rc5 $142 $5
$14) 24. Rf3 $16 Qc6 25. Qe2 (25. e4 Bf6 26. Re1 Bxc3 27. Rxc3 Qe6 $16) 25...
Re8 26. Rd1 (26. Be5 Bf6 27. Bxf6 Qxf6 $16) 26... Rd5 (26... Rc5 $14) 27. Rd4 (
27. Rxd5 $142 $5 Qxd5 28. f5 gxf5 29. Rf4 $16) 27... Rxd4 $11 28. Bxd4 Qd5 29.
Bc3 Qxa2 30. Qd3 Qa4 31. f5 Qc6 32. fxg6 hxg6 33. Qd4 Qd6+ 34. Qxd6 cxd6 35.
Rf4 Be7 36. Ra4 Ra8 37. h4 f5 38. h5 gxh5 39. Ra5 Kf7 (39... Rb8 40. Rxf5 Rf8
41. Rxf8+ Kxf8 42. e4 $11) 40. Rxf5+ $14 Kg6 41. Rf3 (41. Ra5 $5 $14) 41... Rf8
$11 42. Rg3+ Kf7 43. Rg7+ Ke6 44. Kg2 Rf7 45. Rg6+ Kf5 46. Rh6 Kg5 (46... h4
47. f3 Kg5 48. Re6 $11) 47. Rh8 $14 Bf6 48. Bxf6+ Rxf6 (48... Kxf6 49. Rh6+ Ke7
50. Rxh5 $16) 49. Ra8 h4 $4 (49... d5 $142 50. Rd8 Rf5 $16) 50. Rxa6 $18 Kg4 (
50... h3+ 51. Kg3 Rh6 52. Ra5+ Kf6 $18) 51. Ra4+ Kh5 52. Rd4 Kg5 53. Rd5+ Kg6
54. b4 Kf7 55. Rh5 Rg6+ 56. Kf3 Rf6+ (56... Ke6 57. Rxh4 Rg1 58. Re4+ Kd7 59.
Rd4 $18) 57. Ke2 h3 58. Rxh3 Rf5 (58... Ke6 $18) 59. Rf3 1-0

[Event "Inland Empire Open"]
[Site "?"]
[Date "1970.04.11"]
[Round "2"]
[White "Bailey, B."]
[Black "Englehard, D."]
[Result "0-1"]
[WhiteElo "1755"]
[BlackElo "1795"]
[Annotator "Stockfish 14 (15s)"]
[PlyCount "62"]
[EventDate "1970.??.??"]

{B04: Alekhine's Defence: 4 Nf3} 1. e4 Nf6 2. e5 Nd5 3. Nf3 d6 4. d4 dxe5 5.
Nxe5 Nd7 6. c4 (6. Nd3 g6 7. Nd2 Bg7 8. Nf3 c5 9. c4 N5f6 10. dxc5 Nxc5 11.
Nxc5 Qa5+ 12. Bd2 Qxc5 13. b4 Qc6 14. Bc3 Bg4 15. Qe2 Rd8 16. Ne5 Nd7 17. Qe3
Nxe5 18. Bxe5 Qa4 19. f3 Qxb4+ 20. Kf2 Qd2+ {
Arnason,J (2535)-Cunningham,R (2335) Philadelphia 1993 1/2-1/2}) 6... N5b6 7.
Bf4 $146 (7. Nxd7 Bxd7 8. Nc3 (8. Bd3 g6 9. Nc3 c6 10. O-O Bg7 11. Be3 Be6 12.
c5 Nd5 13. Nxd5 Qxd5 14. Be2 O-O 15. Bf3 Qd7 16. Qd2 Rfd8 17. Rfd1 Bg4 18. Bxg4
Qxg4 19. f3 Qf5 20. Qb4 Rd7 21. Rd2 Rad8 22. Rad1 Qe6 {
Jahnz,F (2166)-Guenther,C (2029) Berlin 2005 1/2-1/2}) 8... e6 9. Be2 Be7 10.
O-O O-O 11. Bf4 Bc6 12. Qd3 Na4 13. Nxa4 Bxa4 14. Bf3 Rb8 15. b3 Bd7 16. Be4 f5
17. Bf3 g5 18. Be5 g4 19. Be2 Bd6 20. Bxd6 cxd6 21. f3 gxf3 {
Todorovic,G (2415)-Maric,D (2310) Svetozarevo 1990 1-0 (58)}) (7. Nf3 e5 8. c5
Nd5 $16) 7... Nxe5 8. Bxe5 Nd7 9. Bg3 Nf6 (9... h5 10. Nc3 c6 11. Be2 $16) 10.
Nc3 Bd7 (10... e6 11. Be2 $16) 11. Be2 (11. Qb3 Nh5 12. c5 Nxg3 13. hxg3 Qc8
$18) 11... g6 $2 (11... e6 $142 $16) 12. O-O Bg7 13. Bf3 (13. Qb3 b6 14. Bf3 c6
$18) 13... O-O 14. Qe2 (14. Re1 $142 $5 Ne8 15. Bh4 Bf6 16. Bxf6 Nxf6 $18)
14... c6 $16 15. Rfe1 Re8 16. Rad1 Qa5 17. h3 Rac8 18. a3 (18. Qd2 Qb4 19. b3
b5 $16) 18... b5 (18... Qa6 19. Be5 $16) 19. Bf4 (19. c5 Be6 $16) 19... a6 (
19... bxc4 20. Qxc4 Nd5 21. Nxd5 cxd5 22. Qxd5 Qxd5 23. Bxd5 $16) 20. Bd2 (20.
g4 $5 $16) 20... Qc7 21. Rc1 (21. Be3 e5 22. dxe5 Qxe5 $14) 21... h6 (21... Qd6
$142 $5 22. Qe5 bxc4 $11) 22. cxb5 $16 cxb5 23. Nd5 Qd8 24. Nxe7+ Kh7 25. Rxc8
Bxc8 26. Bc6 (26. Bb4 $142 $5 Qxd4 27. Rd1 $16) 26... Bd7 $11 27. Bxd7 $4 (27.
Qe3 $142 $11) 27... Qxd7 $19 28. Bb4 Nd5 29. Qf3 $4 (29. Bc5 $142 Nxe7 30. Bxe7
$19) 29... Nxb4 (29... Nxe7 $2 30. Qxf7 Rf8 31. Qxe7 Qxd4 32. Qe2 $18) 30. Qxf7
Nd5 $1 31. Qxg6+ (31. Nxd5 Rxe1+ {Mate attack Deflection Pinning}) (31. Qxd5
Rxe7 {Deflection}) 31... Kh8 0-1

[Event "Inland Empire Open"]
[Site "?"]
[Date "1970.04.11"]
[Round "3"]
[White "Ratala, R."]
[Black "Bailey, B."]
[Result "0-1"]
[WhiteElo "1408"]
[BlackElo "1755"]
[Annotator "Stockfish 14 (15s)"]
[PlyCount "68"]
[EventDate "1970.??.??"]

{D25: Queen's Gambit Accepted: 4 e3: sidelines and 4...Bg4} 1. d4 d5 2. c4 dxc4
3. Nc3 g6 4. e3 Bg7 5. Bxc4 Nf6 6. Nf3 O-O 7. O-O Nfd7 8. e4 Nb6 9. Bb3 Nc6 {
Will d4 fall?} (9... Bg4 10. d5 c6 11. h3 Bxf3 12. Qxf3 cxd5 13. exd5 N8d7 14.
Be3 Ne5 15. Qe2 Rc8 16. Rad1 Nec4 17. Bd4 Nd6 18. Bxg7 Kxg7 19. Rfe1 Re8 20. h4
a6 21. h5 Nd7 22. g3 Nf6 23. hxg6 hxg6 24. Kg2 {
Baumbach,F (2296)-Becker,W (2298) Germany 2004 0-1 (58)}) 10. e5 $146 (10. Be3
Bg4 11. Ne2 a5 12. a3 a4 13. Ba2 Bxf3 14. gxf3 Qd7 15. Kh1 Rfd8 16. f4 Nxd4 17.
e5 Qc6+ 18. f3 Nxf3 19. Qc1 Nd4+ 20. Qxc6 Nxc6 21. Rfd1 e6 22. Nc3 Na5 23. Nb5
Nac4 24. Bxb6 Nxb6 {
Fernandes,A (2473)-Hummel,D (2266) playchess.com INT 2003 0-1 (54)}) (10. d5
Na5 11. Be3 (11. Bg5 h6 12. Bf4 c6 13. dxc6 Nxc6 14. Qc1 Kh7 15. Rd1 Bd7 16.
Qe3 Qc8 17. Rac1 e5 18. Bg3 Be6 19. Nd5 Re8 20. Nxb6 axb6 21. Qxb6 Ra6 22. Qe3
Qa8 23. a3 Kg8 24. Bxe6 Rxe6 25. Rd7 Ra4 {
Goldin,A (2575)-Kapstan,A (2170) Sioux Falls 2000 1-0}) (11. Bf4 Nxb3 12. Qxb3
c6 13. dxc6 bxc6 14. Rfd1 Qe8 15. Rac1 Be6 16. Qb4 Bg4 17. a4 Bxf3 18. gxf3 e5
19. Be3 Qe6 20. a5 Nc4 21. Nd5 Nxe3 22. Nxe3 Qh3 23. Rxc6 Qxf3 24. Qc4 Rab8 25.
b4 Bh6 {Mizrahi,C-Lida Garcia,F (2114) Argentina 2003 1/2-1/2 (39)}) 11... Nac4
12. Qe2 Nxe3 13. Qxe3 e6 14. dxe6 Bxe6 15. Bxe6 fxe6 16. b3 Qf6 17. Rac1 c6 18.
a4 Qf4 19. Qxf4 Rxf4 20. a5 Nd7 21. Rfd1 Nf8 22. Nd4 Rf7 23. Nde2 Bh6 24. Rb1
e5 {Lein,A (2475)-Toshkov,T (2395) Saint John 1988 1-0 (54)}) (10. d5 $5 Na5
11. h3 $14) 10... Bg4 $11 11. Be3 Nb4 $4 (11... e6 $5 $11) 12. a3 (12. h3 Bf5
$16) 12... N4d5 (12... Nc6 13. Ne4 Bxf3 14. gxf3 $16 (14. Qxf3 $143 Nxd4 15.
Bxd4 Qxd4 $15)) 13. h3 (13. Ne4 $16) 13... Nxe3 $2 (13... Be6 $142 $5 $16) 14.
fxe3 $18 Bxf3 (14... Bf5 15. g4 Bd7 16. Qe1 $18) 15. Qxf3 (15. Rxf3 $6 c5 16.
dxc5 Nd7 17. Rxf7 Rxf7 18. Bxf7+ Kh8 $16) (15. gxf3 $6 c5 16. dxc5 Nd7 17.
Bxf7+ Rxf7 $14) 15... e6 16. Qxb7 Bh6 (16... Rb8 17. Qc6 Na8 $18) 17. Qf3 $18
Rb8 18. Ba2 Nc8 (18... c5 19. Rad1 cxd4 20. exd4 $18) 19. b4 (19. Rf2 $5 c5 20.
dxc5 Ne7 $18) 19... Ne7 20. g4 c6 $2 (20... a5 $142 21. Rab1 axb4 22. axb4 Bg7
$18) 21. h4 Nd5 22. Nxd5 (22. Bxd5 $5 cxd5 23. g5 Bg7 $18) 22... cxd5 23. g5
Bg7 24. Qf4 Rc8 $4 (24... a5 $142 25. h5 gxh5 $16) 25. Rac1 (25. h5 $142 $18)
25... Rc7 $4 (25... Rxc1 26. Rxc1 Qd7 27. Bb3 $11) 26. Bb1 $4 (26. Rc5 Qd7 27.
h5 Rd8 $18) 26... Qc8 $4 (26... Rxc1 27. Rxc1 Qd7 28. Qf2 $11) 27. e4 $4 (27.
Rc5 $142 a5 28. Rxa5 $18) 27... dxe4 28. Bxe4 Rd8 29. Qxf7+ $4 (29. Kg2 $142
$14) 29... Rxf7 $19 30. Rxc8 Rxf1+ 31. Kxf1 Rxc8 32. Ke2 Rc3 33. a4 Rc4 34. d5
(34. b5 Rxa4 35. Ke3 Bxe5 36. dxe5 $19) 34... Rxe4+ (34... Rxe4+ 35. Kd2 exd5
36. a5 Rxb4 37. e6 Rxh4 38. a6 Rh3 39. e7 Kf7 40. e8=Q+ Kxe8 41. Ke2 d4 42. Kf2
d3 43. Kg2 d2 44. Kxh3 d1=Q 45. Kg2 Qe2+ 46. Kg3 Be5+ 47. Kh3 Qf3+ 48. Kh4 Qg3#
) 0-1